Statistiques concernant Personnage harry potter

Cliquez ici pour prendre le quiz!

Statistiques générales

  • Ce quiz a été pris 299 fois
  • Le résultat moyen est 10 sur 15

Statistiques - réponses

Hint Answer % Correct
***** ******Harry potter
100%
******** *******Hermione Granger
98%
*** *******Ron Weasley
98%
***** **********Albus Dumbledore
91%
****** ******Rubeus Hagrid
75%
*********Voldemort
74%
******* *****Severus Rogue
73%
****** *****Sirius Black
69%
***** *******Ginny Weasley
66%
***** *******Drago Malefoy
64%
**** ********Luna Lovegood
61%
*****Dobby
58%
*******Hedwige
42%
***** ******Argus Rusard
14%
**** *********Mimi Geignarde
6%

Distribution des résultats

Percentile by Number Answered

% des personnes avec chaque résultat

Votre développement - résultats

Vous n’avez pas pris ce quiz